Practical Manual (Record no. 2595)
[ view plain ]
| 000 -LEADER | |
|---|---|
| fixed length control field | 00247nam a22001217a 4500 |
| 041 ## - LANGUAGE CODE | |
| Language code of text/sound track or separate title | ENG |
| 100 ## - MAIN ENTRY--PERSONAL NAME | |
| Personal name | Pavitrakar.N.R |
| 245 ## - TITLE STATEMENT | |
| Title | Practical Manual |
| 260 ## - PUBLICATION, DISTRIBUTION, ETC. (IMPRINT) | |
| Place of publication, distribution, etc | Dapoli |
| Name of publisher, distributor, etc | caet |
| Date of publication, distribution, etc | 1999 |
| 650 ## - SUBJECT ADDED ENTRY--TOPICAL TERM | |
| Topical term or geographic name as entry element | FMP |
| 700 ## - ADDED ENTRY--PERSONAL NAME | |
| Personal name | Phirke.P.S |
| 856 ## - ELECTRONIC LOCATION AND ACCESS | |
| Uniform Resource Identifier | FMP ( 23 ) |
No items available.